Enzymes : Catalyseurs du monde vivant

Bewaard in:
Bibliografische gegevens
Hoofdauteur: Pelmont, Jean
Formaat: Boek
Taal:Vietnamese
Gepubliceerd in: Presses Universitaires de Grenoble 1995
Tags: Voeg label toe
Geen labels, Wees de eerste die dit record labelt!
Thư viện lưu trữ: Mạng thư viện Đại học Đà Nẵng
LEADER 00637nam a2200253 4500
001 000020998
003 17445
005 20150401080437.0
008 150401s1995 viesd
020 |c 00 
041 0 |a vie 
082 1 4 |a 660,634  |b PE-J 
100 1 |a Pelmont, Jean 
245 1 0 |a Enzymes : Catalyseurs du monde vivant  |c Jean Pelmont 
260 |b Presses Universitaires de Grenoble  |c 1995 
300 |a tr.  |c cm. 
OWN |a LSP 
999 |a From the UDN01 
TYP |a Monograph 
TYP |a Printed language 
980 |a Mạng thư viện Đại học Đà Nẵng